Social Market Economy Principles and Implementation/ (Record no. 36418)

MARC details
000 -LEADER
fixed length control field 00558nam a22001817a 4500
005 - DATE AND TIME OF LATEST TRANSACTION
control field 20240820113547.0
008 - FIXED-LENGTH DATA ELEMENTS--GENERAL INFORMATION
fixed length control field 240820b |||||||| |||| 00| 0 eng d
020 ## - INTERNATIONAL STANDARD BOOK NUMBER
ISBN 978-0-9802543-7-2
082 ## - DEWEY DECIMAL CLASSIFICATION NUMBER
Classification number 338.9
Item number SOC
245 ## - TITLE STATEMENT
Title Social Market Economy Principles and Implementation/
Remainder of title Economic Policy from A to Z/
Statement of responsibility, etc. Rolf H. Hasse
260 ## - PUBLICATION, DISTRIBUTION, ETC.
Place of Publication Germany;
Name of publisher, distributor, etc. Ferdinand Schoningh Publishers;
Date of publication, distribution, etc. 2008
300 ## - PHYSICAL DESCRIPTION
Pages 536 p.:
500 ## - GENERAL NOTE
General note Includes index.
650 ## - SUBJECT ADDED ENTRY--TOPICAL TERM
Subject / Department Social Sciences;
700 ## - ADDED ENTRY--PERSONAL NAME
Personal name Hermann Schneider
700 ## - ADDED ENTRY--PERSONAL NAME
Personal name Klaus Weight
300 ## - PHYSICAL DESCRIPTION
-- 24 cm.
952 ## - LOCATION AND ITEM INFORMATION (KOHA)
-- 0
-- 0
Holdings
Lost status Damaged status Collection code Permanent Location Current Location Shelving Location Date acquired Full Call Number Accession No./Barcode Date last seen item type Koha item type
    Science Superior Information Resource Center (SIRC) Superior University - City Campus Superior Information Resource Center (SIRC) Superior University - City Campus Economics 08/20/2024 338.9 SOC 2008 2347 08/20/2024 BOOK BOOK

Powered by Koha